| 000 | 00717nam a2200181Ia 4500 | ||
|---|---|---|---|
| 003 | GCL | ||
| 005 | 20240530095420.0 | ||
| 008 | 140319s9999 xx 000 0 ara d | ||
| 040 |
_aGCL / _cGCL |
||
| 082 | 0 | 4 |
_a929.4 _bع ك |
| 100 | 1 | _aالعينى ، بدرالدين ابو محمد محمود بن احمد بن موسى بن احمد | |
| 245 | 1 | 0 |
_aكشف القناع المرنى عن مهمات الاسامى والكنى / _cبدرالدين العينى |
| 260 |
_aالرياض : _bمركز النشر العلمي لجامعة الملك عبدالعزيز ، _c1994 |
||
| 300 |
_a803 ص ؛ _c24 سم |
||
| 650 | 0 | 4 | _aالكنى |
| 650 | 0 | 4 | _aاسماء الانبياء - تفسير |
| 942 |
_2ddc _cBK |
||
| 999 |
_c7035 _d7035 |
||